| 000 | 02038nam a22001577a 4500 | ||
|---|---|---|---|
| 041 | _aukr | ||
| 080 | _a09 | ||
| 090 | _bДЕМ | ||
| 100 | _aДемидюк Ю. В. | ||
| 245 | _aОсновні принципи створення і використання комп"ютерних словників | ||
| 260 |
_aОстрог _bКАФ _c2004 |
||
| 300 | _a63 | ||
| 520 |
_aРозділ І. Лексикографія як галузь науки про мову
1.1. Поняття лексикографії
1.2. Історія розвитку лексикографічної науки
1.3. Типологізація словників
1.4. Основні структурні компоненти словника та словникової статті
1.5. Комп"ютерна лексикографія як частина науки про словники
Розділ ІІ. Комп"ютерні словники у процесі вивчення мови та для професійного перекладу
2.1. Сучасні тенденції розвитку комп"ютерної лексикографії
2.2. Комп"ютерні словники для кінцевого користувача
2.3. Основні функції комп"ютерних словників та їх застосування у вивченні іноземної мови
2.4. Інформаційна система для перекладачів "Мультитран"
Розділ ІІІ. Принципи побудови словника користувача мовою DSL
3.1. Основні поняття мови DSL
3.2. Проектування словника користувача "Lingvo" мовою DSL
3.2.1. Структура словника і словникової статті
3.2.2. Формування статті мовою DSL
3.3. Макроси для конвертації у формат DSL _0Лексикологія, комп |
||
| 650 | _aResearch Papers | ||
| 999 |
_c282534 _d282534 |
||
| 942 | _cBK | ||